[Event "Asti op 17th"]
[Site "Asti"]
[Date "1996.10.08"]
[Round "4"]
[White "Krasenkow, Michal"]
[Black "Skembris, Spyridon"]
[Result "1-0"]
[WhiteElo "2605"]
[BlackElo "2420"]
[Annotator "Krasenkow,M"]
[PlyCount "89"]
[EventDate "1996.10.??"]
[EventType "swiss"]
[EventRounds "9"]
[EventCountry "ITA"]
[SourceTitle "CBM 057"]
[Source "ChessBase"]
[SourceDate "1997.04.01"]
[SourceVersion "1"]
[SourceVersionDate "1997.04.01"]
[SourceQuality "1"]

1. Nf3 c5 2. c4 Nf6 3. Nc3 e6 4. g3 b6 5. Bg2 Bb7 6. O-O Be7 7. b3 O-O 8. Bb2
Nc6 $5 $146 (8... a6) (8... d5) 9. d4 Nxd4 10. Nxd4 Bxg2 11. Kxg2 cxd4 12. Qxd4
Qc7 13. e4 Qb7 14. Rad1 Rfd8 15. f3 d6 16. Rd2 a6 17. a4 Ne8 18. Rfd1 Bg5 19.
Rd3 Bf6 20. Qf2 Rdc8 21. Qd2 {/\Ba1,Ne2} h6 (21... Bxc3 $2 22. Bxc3 b5 23. cxb5
axb5 24. a5 $16) 22. h4 Rc6 $6 (22... Rc7 $1 23. Ba1 (23. Ne2 Bxb2 24. Qxb2 b5
$1) 23... Rac8 24. Ne2 $140 Bxa1 25. Rxa1 b5 $1 26. cxb5 Rc2) 23. Ne2 $1 {
This exchange enables White to start preparing a kingside attack.} Bxb2 24.
Qxb2 $14 Rc5 (24... b5 $2 25. cxb5 axb5 26. Nd4) 25. Nc3 Rac8 26. Qf2 Qe7 27.
f4 Qb7 28. Qf3 Qe7 $2 (28... h5 $14) 29. e5 $1 dxe5 30. Rd7 (30. Ne4 Nf6 $1 31.
Nxc5 Qxc5 $132) 30... Qf8 31. Ne4 Ra5 $2 (31... R5c7 32. fxe5 $18) (31... Nf6
$1 32. Nxf6+ $1 (32. Nxc5 bxc5 33. R7d6 e4 $132 {/\34...Nd5!}) 32... gxf6 33.
fxe5 Rxe5 (33... fxe5 34. R1d6 $1 R5c7 35. Qg4+ Kh8 36. Rxc7 Rxc7 37. Rxb6 $16)
34. Qb7 $1 {/\35.Rxf7} (34. Qxf6 Rf5 35. Qd4 Qc5 $14) 34... Re8 (34... Rb8 35.
Qxb8 Qxb8 36. Rd8+ Qxd8 37. Rxd8+ Kg7 38. Rb8 $16) 35. Qxb6 $16) 32. f5 $1 $18
{xRa5} exf5 33. Qxf5 g6 (33... Rc7 34. Rd8) 34. Qf2 $1 (34. Qg4 $6 Rc6) 34...
Rc6 35. Rb7 f5 36. Rxb6 Rxb6 (36... Rc7 37. Rxg6+ $18) (36... Rac5 37. Nxc5
Rxb6 38. Nd7 $18) 37. Qxb6 fxe4 38. Rf1 Qd6 (38... Qc5 39. Qe6+ $18) 39. Qxa5
Nf6 40. c5 Qd5 41. Rxf6 e3+ 42. Kh2 Qd3 (42... e2 43. Rxa6 $5) 43. Qc7 Qe2+ 44.
Kh3 Qf1+ $5 45. Rxf1 1-0

[Event "Moscow op"]
[Site "Moscow"]
[Date "1995.??.??"]
[Round "9"]
[White "Umanskaya, Irina"]
[Black "Kudrin, Sergey"]
[Result "0-1"]
[WhiteElo "2345"]
[BlackElo "2540"]
[Annotator "Kudrin,S"]
[PlyCount "160"]
[EventDate "1995.??.??"]
[EventType "swiss"]
[EventRounds "9"]
[EventCountry "RUS"]
[SourceTitle "EXT 2000"]
[Source "ChessBase"]
[SourceDate "1999.11.16"]
[SourceVersion "1"]
[SourceVersionDate "1999.11.16"]
[SourceQuality "1"]

1. Nf3 c5 2. c4 Nf6 3. Nc3 b6 4. g3 Bb7 5. Bg2 g6 6. O-O Bg7 7. d4 a6 $5 (7...
cxd4 $11) 8. Bg5 $6 d6 9. Rc1 h6 $5 10. Bxf6 (10. Bf4 cxd4) (10. Be3 Ng4) 10...
Bxf6 11. Nd5 Bg7 12. e4 $1 (12. e3 $15) 12... O-O 13. Qd2 Nc6 14. dxc5 dxc5 15.
Rfd1 e6 16. Nc3 Qxd2 17. Rxd2 Rfd8 (17... Rad8 $5) 18. Na4 Rxd2 19. Nxd2 Nd4
20. Kf1 Bc6 21. e5 $1 (21. Nc3 b5 $17) 21... Bxe5 22. Bxc6 Nxc6 23. Nxb6 Rd8
24. Nb3 Bxb2 25. Rc2 Ba3 26. Rd2 Rxd2 27. Nxd2 Nb4 28. Nb3 Nxa2 29. Nd7 $6 Bb4
$6 (29... Nb4 30. Nbxc5 Bb2 $17) 30. Nbxc5 Bxc5 (30... a5 $1) 31. Nxc5 Nb4 32.
Ke2 Kf8 33. Kd2 Ke7 34. Kc3 a5 35. Nb7 Nc6 36. Kb3 Kd7 37. Ka4 Kc7 38. Nxa5 Ne5
$1 39. Kb5 Ng4 40. Nc6 $1 g5 41. c5 Nxh2 (41... Nxf2 $17) 42. Nb4 $2 (42. Ne5
$1 f6 43. Nf7 h5 44. Nd6 $11) 42... h5 $19 43. Na6+ Kc8 44. c6 Ng4 $1 45. Nc5
Nxf2 46. Kb6 h4 47. gxh4 gxh4 48. Na4 h3 49. Nc3 h2 50. Nb5 h1=Q 51. Na7+ Kd8
52. c7+ Ke7 53. c8=Q Ne4 54. Nc6+ Kf6 55. Qd8+ Kg7 56. Qd4+ Nf6 57. Ne7 Qe4 58.
Qc3 Qf4 59. Nc6 Qe3+ 60. Qxe3 Nd5+ 61. Kc5 Nxe3 62. Kd4 Ng4 63. Ke4 Kf6 64. Kf4
Nh6 65. Ne5 Nf5 66. Ng4+ Ke7 67. Ke5 Nd6 68. Kf4 Nc4 69. Kg5 Nd2 70. Kf4 f6 $19
71. Nh6 Nc4 72. Ke4 Nd6+ 73. Kf4 e5+ 74. Ke3 Ke6 75. Ng4 f5 76. Nf2 Kd5 77. Nd3
Nc4+ 78. Ke2 Kd4 79. Ne1 e4 80. Ng2 Ke5 0-1

[Event "EU-Cup 09th Group7"]
[Site "Barcelona"]
[Date "1993.10.02"]
[Round "2"]
[White "Lautier, Joel"]
[Black "Psakhis, Lev"]
[Result "1-0"]
[WhiteElo "2620"]
[BlackElo "2585"]
[Annotator "Lautier,J"]
[PlyCount "95"]
[EventDate "1993.10.01"]
[EventType "team-k.o."]
[EventRounds "3"]
[EventCountry "ESP"]
[SourceTitle "EXT 2020"]
[Source "ChessBase"]
[SourceDate "2019.10.17"]
[SourceVersion "1"]
[SourceVersionDate "2019.10.17"]
[SourceQuality "1"]
[WhiteTeam "Lyon-Oyonnax Echecs"]
[BlackTeam "Tel-Aviv ASA Phoenix"]
[WhiteTeamCountry "FRA"]
[BlackTeamCountry "ISR"]

1. c4 {Hansen,Cu} c5 2. Nf3 Nf6 3. Nc3 e6 4. g3 b6 5. Bg2 Bb7 6. O-O Nc6 7. e4
d6 (7... e5 {is certainly more consistent with Black's previous move, but
closing the game in such a straightforward way is not to everyone's taste.}) 8.
d4 cxd4 9. Nxd4 Nxd4 (9... Qd7 {Hansen,Cu} 10. b3 Be7 11. Bb2 O-O 12. Nc2 a6
13. Qe2 Rfd8 14. Rfd1 Qc7 15. Ne3 $14 {Armas,J-Guevara,M/Sagua la Grande/1989/}
) (9... Rc8 {Hansen,Cu} 10. Bg5 (10. Nxc6 Bxc6 11. Bf4 Be7 12. Qe2 O-O 13. Rfd1
Qc7 14. Rac1 Qb8 15. Nd5 exd5 16. exd5 Ba4 17. b3 Rce8 18. bxa4 Nd7 $44 {
Beljavski,A-Salov,V/Reggio Emilia/1991/}) 10... Be7 11. Ndb5 a6 12. Bxf6 gxf6
13. Nd4 h5 14. h4 $14 {Morris,Ch-Ipek,A/EU-chT Haifa/1989/}) 10. Qxd4 Be7 11.
b3 O-O 12. Ba3 (12. Bb2 {Hansen,Cu} Qb8 13. h3 Rd8 14. Rad1 Bf8 $14 {
Christiansen,L-Andersson,U/Hastings/1979/}) 12... Qb8 (12... Qc7 {Hansen,Cu}
13. Rfd1 Rfd8 14. Rac1 Rd7 15. h3 Rad8 16. Qe3 h6 $10 {Gufeld,E-deFirmian,N/
New York op/1989/}) 13. Rad1 (13. Rfd1 {Hansen,Cu} Rd8 14. Rac1 Bc6 15. h3 a6
16. Bb4 $14 {Vaganjan,R-Hellers,F/New York op/1990/}) 13... Rd8 14. Rd2 Bc6 15.
Rfd1 a6 {All the previous moves are quite standard and have been seen before.
Now the game Zsuzsa Polgar-A.Maric, Shanghai 1992 went 16.Qe3 Ra7! and Black
obtained an acceptable position. The text move is more accurate.} 16. Qd3 $1
$146 {Did you catch the idea ?} (16. Qe3 {Hansen,Cu} Ra7 17. h3 Ne8 18. Kh2 Rc8
$10 {Polgar,Zsu-Maric,A/Shanghai ctW/1992/}) 16... Ne8 (16... Ra7 $4 17. e5 $1
dxe5 (17... Bxg2 18. exf6 $18) 18. Qxd8+ $18) 17. Qe2 Qb7 $2 {Falling right
into White's trap.} (17... Ra7 {After this better move, the real point of
White's queen manoeuvre is revealed: White aims for a quick hit at d6 by the
straight push f4 and e5, using the Q on e2 to recapture on g2 or to keep an
eye on b5. For instance:} 18. f4 $1 (18. e5 {Hansen,Cu} Bxg2 19. Kxg2 Rad7 $10)
18... Rad7 19. e5 Bxg2 20. Kxg2 $16 {And White has a definite edge in view of
his strong pressure on d6.} (20. Qxg2 $6 {Would be careless, as this allows b5.
} b5 $1 21. cxb5 axb5 22. Bb4 d5 $10)) 18. Nd5 $1 $16 {Black is now forced to
surrender one of his bishops, which, given his weak pawn structure, will prove
fatal.} Bf8 (18... exd5 19. exd5 $18 (19. exd5 {Hansen,Cu} Ba4 20. bxa4 $16 {
פe8})) (18... Bxd5 {Hansen,Cu} 19. cxd5 e5 20. Bh3 $16) 19. Nb4 $1 e5 $6 (
19... Rac8 {Would have been more resistant, although pretty grim after:} 20.
Nxc6 Qxc6 21. e5 Qc7 22. exd6 Bxd6 23. Bxd6 Rxd6 24. Rxd6 Nxd6 25. Qe5 Rd8 26.
b4 Ne8 27. Rxd8 Qxd8 $16) 20. f4 Rdc8 (20... Bd7 {Hansen,Cu} 21. Nd5 $16 (21.
fxe5 dxe5 22. Bh3 Bc5+ 23. Kh1 Nd6 $13)) 21. Nd5 {White has just been given a
splendid outpost in the center, it would be a pity to leave empty. White's
hidden threat is now 22.fe5 de5 23.Bf8 Kf8 24.Qh5 winning a pawn.} (21. Bh3 {
Hansen,Cu} Rc7 (21... Bd7 22. Bxd7 Qxd7 23. fxe5 $18) 22. Nd5 Bxd5 $13) 21...
g6 (21... Bxd5 $8 {Hansen,Cu} 22. cxd5 Nf6 $16 (22... exf4 $2 23. gxf4 $16 {
/\e4-e5})) 22. fxe5 dxe5 23. Bxf8 Kxf8 24. Qe3 $1 {White consistently presses
Black on each of his sensitive spots. The weakling on d6 is gone but there is
still b6, h6, and more importantly, e5 to take care of.} Rcb8 (24... Rab8 $2
25. Bh3 (25. Qh6+ {Hansen,Cu} Kg8 26. Bh3 $18) 25... Rd8 26. Qh6+ Kg8 27. Nf6+
$18) 25. Qg5 $1 Bxd5 26. Rxd5 (26. exd5 {Looks crushing, but I was not so
convinced by:} f6 27. Qh4 g5 $1 28. Qh6+ {Otherwise Black blocks with 28...Nd6.
} Qg7 29. Qxg7+ Nxg7) 26... f6 27. Qh6+ Qg7 28. Qh3 $1 $18 {A pleasing
geometrical move. There is no stopping 29.Rd7 followed by a capture on h7.} g5
29. Rd7 (29. Bf3 $6 {Would be overdoing it.} Qg6 30. Rd7 Ng7 $1) 29... g4 30.
Qh4 Qg6 31. Qxh7 (31. Rxh7 Rd8 $8 (31... Ng7 32. Rh6 $18) 32. Rhd7 (32. Rf1 $6
Rd2) 32... Rxd7 33. Rxd7 Kg8 $8 34. h3 $18 {was not bad either, but Black has
even less with the queens off.} (34. h3 {Hansen,Cu} gxh3 35. Bxh3 Ng7 36. Kf2
$18)) 31... Qxh7 32. Rxh7 Rd8 33. Rhd7 Rxd7 34. Rxd7 Rc8 35. Bf1 (35. Kf2 Rc6
36. Ke3 Nd6 37. Bf1 Ke8 38. Ra7 (38. Rg7 f5 $1) 38... b5 $132) 35... Rc6 36.
Be2 Rd6 $2 {Even though Black's position is already hopeless, it doesn't help
to drop another pawn.} (36... Nd6 37. Bxg4 Nxe4 38. Bf3 Rd6 39. Rxd6 (39. Ra7
$5 Nc5 40. b4 Nd3 41. a3 $18) 39... Nxd6 40. Kf2 f5 41. Ke3 Ke7 42. Bd5 $18 {
/\ b4, c5}) 37. Bxg4 Rd4 38. Rxd4 exd4 39. Kf2 Nd6 40. Bf5 Nf7 41. Ke2 Ne5 42.
b4 $1 Ke7 (42... Nxc4 43. Kd3 $18) 43. c5 bxc5 44. bxc5 a5 45. h4 Kf7 46. h5
Kg7 47. Be6 Kh6 48. Bd5 1-0

[Event "Horgen CS"]
[Site "Horgen"]
[Date "1994.??.??"]
[Round "1"]
[White "Lautier, Joel"]
[Black "Gavrikov, Viktor"]
[Result "1-0"]
[WhiteElo "2645"]
[BlackElo "2600"]
[Annotator "Lautier,J"]
[PlyCount "93"]
[EventDate "1994.09.??"]
[EventType "tourn"]
[EventRounds "11"]
[EventCountry "SUI"]
[EventCategory "16"]
[SourceTitle "CBM 043"]
[Source "ChessBase"]
[SourceDate "1994.12.01"]
[SourceVersion "1"]
[SourceVersionDate "1994.12.01"]
[SourceQuality "1"]

1. c4 {Stohl} Nf6 2. Nc3 c5 3. Nf3 e6 4. g3 b6 5. Bg2 Bb7 6. O-O Be7 7. d4 cxd4
8. Qxd4 d6 9. b3 O-O (9... Nbd7 {Stohl} 10. Nb5 $5 $14) 10. Rd1 (10. Ng5 {Stohl
} Bxg2 11. Kxg2 Qc7 12. Bb2 Nbd7 13. Nge4 Rfd8 14. Rac1 a6 15. Rfd1 Qb7 16. Kg1
(16. f3 Ne8 17. Ba3 Nb8 18. Nf2 Nc6 19. Qe3 b5 20. Nce4 Rac8 21. h4 h6 22. Nd3
Bf8 23. Nf4 bxc4 24. bxc4 Ne5 25. Nd2 Qc6 $132 {Vaganian,R-Wahls,M/Biel/1994/})
16... Ne8 17. Ba3 Nf8 18. Qe3 Rac8 19. Ng5 Rd7 20. Qf4 Bd8 21. h4 h6 22. Nf3
Be7 $10 {Meyer,P-Bischoff,K/BL 9394/1994/}) 10... Na6 $6 (10... a6 {Stohl} 11.
Ba3 Nc6 12. Qf4 $36) (10... Nbd7 $142 11. e4 {Stohl} Qc8 (11... Nc5 $5 {
-10...Na6}) (11... Qb8 12. Ba3 Nc5 13. e5 dxe5 14. Qxe5 Qc8 (14... Qxe5 15.
Nxe5 Bxg2 16. Kxg2 Rfc8 17. Nb5 Ne8 18. Nd7 $1 f6 19. Nxc5 Bxc5 20. Bxc5 Rxc5
21. Rd7 a6 22. Nd4 Rc7 23. Rxc7 Nxc7 24. Nc6 $16 {Schwartzmann,G-Eperjesi,L/
Cannes op/1990/}) 15. Qe3 Re8 16. Nb5 Nfe4 $6 17. Nd2 Nf6 18. Bxb7 Qxb7 19. Qf3
Qc8 20. Nc3 Qc7 21. Nb5 Qc8 22. Nf1 Nce4 23. Bxe7 Rxe7 24. Nd6 Nxd6 25. Rxd6
$14 {Cherniak,L-Totsky,L/Smolensk Cup/1991/}) 12. Qe3 a6 13. Ba3 Nc5 14. Nd4
Re8 15. h3 Qc7 16. Bb2 Rad8 17. Re1 Bf8 18. Rad1 d5 $5 19. e5 Nfe4 20. cxd5
exd5 21. f4 Qb8 22. Kh2 Nxc3 23. Qxc3 Rc8 $132 {Vakhidov,T-Ulibin,M/
Cheliabinsk/1993/}) 11. e4 (11. Ba3 {Stohl} Nc5 12. Qe3 Rc8 13. Rac1 a6 14. h3
Qc7 15. Nd4 Rfe8 16. Bxb7 Qxb7 17. Bb2 Nfe4 $6 18. Nxe4 Nxe4 19. Qf3 Bf6 20.
Ba1 Rc7 21. Nc2 Bxa1 22. Rxa1 b5 23. Ne3 bxc4 24. bxc4 $14 {Epishin,
V-Beliavsky,A/Reggio Top 15/1991/}) 11... Qc8 (11... Nc5 $5 {Stohl} 12. e5 (12.
Nd2 a6 13. Bb2 Qc7 $132) 12... dxe5 13. Qxe5 Qc8 (13... Qb8 14. Qe2 $5 {/\Bf4|^
}) 14. Bb2 Bc6 $5 {/\Qb7} 15. Nd5 Bd8 $10) 12. Qe3 (12. e5 {Stohl} dxe5 13.
Qxe5 Nc5 $10 {-11...Nc5} (13... Rd8 $5 $10)) 12... Nc5 13. Nd4 a6 14. Bb2 Re8
15. Qe2 (15. Re1 $5 {Stohl /\} Bf8 16. Rad1 g6 17. Qc1 {/\Qa1+/=}) 15... Bf8 (
15... Qc7 $5 {Stohl /\Rad8,Qb8-a8<=>}) 16. Rac1 g6 17. Re1 $6 (17. b4 $1 Ncd7
18. f4 e5 (18... Qc7 19. Nd5 $1 exd5 (19... Qd8 20. Nxf6+ Nxf6 21. e5 $16) 20.
cxd5 Qd8 21. Nc6 $16 {/\ e5}) (18... Bg7 19. Nb3 $1 (19. e5 $6 dxe5 20. fxe5
Nh5 (20... Bxg2 $4 21. exf6 $18) 21. Bxb7 (21. Nf3 Qc7 $1 {/\ Rac8}) 21... Qxb7
22. Nf3 Qc7 $1 {/\ Rac8, >< e5, c4}) 19... Qc7 20. e5 dxe5 21. fxe5 Nh5 (21...
Bxg2 $2 22. exf6 $18) 22. Bxb7 Qxb7 23. Ne4 $16 Nxe5 $2 (23... Bxe5 $2 24. Rxd7
$18) 24. Nd6 Nf3+ 25. Kf2 Qc6 26. Bxg7 Ng5 27. Nxe8 Nh3+ 28. Ke3 $18) 19. Nb3
exf4 20. gxf4 Qd8 (20... Nh5 21. Nd5 Bxd5 22. cxd5 Nxf4 $2 23. Qf1 $18) 21. Nd5
$14 Bxd5 (21... Nxe4 22. Bxe4 f5 23. Nd2 (23. Qd2 $2 Rxe4 24. Qc3 Qh4 $1 $17)
23... fxe4 24. Nxe4 $40) 22. cxd5 Nxe4 23. Bxe4 f5 24. Nd2 Qh4 (24... Qe7 25.
Re1 fxe4 26. Nxe4 $36) 25. Qf3 fxe4 26. Nxe4 $36) 17... Rb8 $6 {>< Rb8} (17...
Bg7 $10) (17... Qc7 $142 {Stohl} 18. b4 Ncd7 19. f4 e5 $5 20. Nd5 (20. Nb3 exf4
21. gxf4 d5 $5 $13) 20... Qd8 $1 21. fxe5 Nxe5 $13) 18. b4 (18. Rcd1 $142)
18... Ncd7 19. f4 (19. Nb3 $142 $1 $14 {Stohl}) 19... e5 20. Nb3 (20. fxe5 $2
dxe5 21. Nc2 Bxb4 $17 (21... Bxb4 $1 {Stohl} 22. Nxb4 Qc5+ $15)) 20... exf4 21.
gxf4 Qd8 (21... Bh6 {Stohl} 22. Nd5 Qd8 23. Qf2 $36) 22. Rcd1 (22. Qd2 $6 Nh5
23. Nd5 Bh6 $36 {/\ Qh4}) (22. Qf2 $6 Bh6 23. Nd5 Bxd5 24. cxd5 Nh5 25. Nd4
Nxf4 26. Nc6 Qg5 $15) 22... Nh5 23. Qg4 $8 (23. Qf2 $2 Rc8 24. Bf1 Bh6 25. f5
Qg5+ $17) 23... Rc8 24. Bf1 $8 Ndf6 25. Qf3 Bh6 (25... Qe7 $5 26. Nd5 Nxd5 27.
exd5 Qxe1 28. Rxe1 Rxe1 $13) (25... Nxe4 $2 {Stohl} 26. Rxe4 $1 (26. Nxe4 Rxe4
$1 27. Rxe4 f5 28. Qc3 Bxe4 29. Qh8+ Kf7 30. Qxh7+ Bg7 $13) 26... Rxe4 27. Nxe4
f5 28. Nf6+ $1 $18) 26. f5 $8 Nd7 (26... Bf4 $5 27. Nd5 Be5 $13) (26... Qe7 $5
{Stohl} 27. Rd4 (27. Nd5 Nxd5 28. exd5 Qxe1 $36) 27... Bf4 $36) 27. Nd5 Ne5 28.
Bxe5 Rxe5 (28... dxe5 {Stohl} 29. c5 $16) 29. Nd4 $13 Qg5+ (29... Bg7 $5 $13 {
Stohl /\Re8}) 30. Kh1 Rce8 31. Bd3 {/\ Rg1} Kh8 (31... Qd8 $142 $13) (31... Nf4
$2 {Stohl} 32. Rg1 Qh4 33. Rg4 $18) (31... Qh4 $142 $5 {Stohl}) 32. Qf2 $1 {
/\ Nf3} Bxd5 33. cxd5 Nf6 $2 (33... Nf4 $2 34. Nf3 Nxd3 35. Rxd3 Qf4 36. Qb2 $1
$18 (36. Qd4 {Stohl} gxf5 37. Nxe5 dxe5 38. Qxb6 fxe4 39. Rg3 $16)) (33... Qf4
$8 34. Qxf4 (34. Qb2 $6 Bg7) 34... Nxf4 35. Bb1 (35. Nc6 $2 Nxd3 36. Nxe5 Nxe5
$17) 35... Rc8 36. Nc6 Ree8 $10) 34. Nc6 (34. Nf3 $2 {Stohl} Qf4 $13) 34...
Nxe4 35. Qd4 $2 (35. Qb2 $1 gxf5 36. Nxe5 Rxe5 37. Bxe4 fxe4 38. Rxe4 $16)
35... gxf5 $2 (35... Ng3+ $1 {Kortschnoj} 36. hxg3 Qxg3 37. Nxe5 (37. Bf1 Bf4
38. Re2 (38. Qb2 $2 Qf3+ 39. Kg1 (39. Bg2 Qh5+ 40. Kg1 Bh2+ $17) 39... Be3+ 40.
Rxe3 (40. Kh2 $2 Bf2 $1 $19) 40... Qxe3+ 41. Qf2 Qxf2+ 42. Kxf2 Rxf5+ $17)
38... Qf3+ 39. Kg1 (39. Rg2 $2 Qh5+ 40. Kg1 Be3+ $19) 39... Qxe2 40. Bxe2 Be3+
41. Qxe3 Rxe3 42. Bxa6 gxf5 $13) 37... Qh3+ 38. Kg1 Qg3+ 39. Kf1 Qh3+ 40. Kf2 (
40. Ke2 $4 Qg2+ 41. Qf2 Rxe5+ $19) 40... Qh2+ $10) 36. Bxe4 fxe4 37. Nxe5 Rxe5
(37... Qxe5 $2 38. Rxe4 $18) 38. Rxe4 Bg7 39. Qxb6 $1 h5 (39... Rxe4 40. Qb8+
Bf8 41. Qxf8+ Qg8 42. Qxd6 $18 {/\ Qf6, /\ Rg1}) 40. Rxe5 Qxe5 41. Qf2 Qe4+ 42.
Qg2 Qxb4 43. Rf1 Qd4 44. Qf3 $1 (44. Rxf7 $18 {Stohl}) 44... Qe5 45. Qxf7 h4
46. Qf5 Qe2 (46... Qb2 {Stohl} 47. Rb1) 47. Rc1 1-0

[Event "British CF-72 Championship"]
[Site "Edinburgh"]
[Date "1985.07.30"]
[Round "2"]
[White "Speelman, Jonathan S"]
[Black "Pritchett, Craig William"]
[Result "1-0"]
[WhiteElo "2530"]
[BlackElo "2395"]
[Annotator "Lee"]
[PlyCount "81"]
[EventDate "1985.07.29"]
[EventType "swiss"]
[EventRounds "11"]
[EventCountry "SCO"]
[SourceTitle "EXT 1999"]
[Source "ChessBase"]
[SourceDate "1998.11.16"]
[SourceVersion "1"]
[SourceVersionDate "1998.11.16"]
[SourceQuality "1"]

1. Nf3 Nf6 2. c4 c5 3. g3 Nc6 4. Bg2 d5 5. cxd5 Nxd5 6. d4 Nf6 7. e3 e6 8. O-O
Be7 9. dxc5 Bxc5 10. Qxd8+ Kxd8 11. Bd2 Bd7 12. Nc3 Bd6 13. Rfc1 Rc8 14. Nb5
Bb8 15. Nfd4 Nxd4 16. Nxd4 Nd5 17. Rd1 Be5 18. Be1 Ke7 19. e4 Nb6 20. f4 Bxd4+
21. Rxd4 Bc6 22. a4 Rhd8 23. Bc3 Rxd4 24. Bxd4 Rd8 25. Be5 Rd7 {(Score
ambiguity at this point; the bulletin gives "25...Nc8" but this doesn't make
sense)} 26. a5 Nc4 27. Bxg7 Rd2 28. Rc1 Ne3 29. Bf3 Nc2 30. Bc3 Nd4 31. Bxd2
Nxf3+ 32. Kf2 Nxd2 33. Ke3 Nxe4 34. Rxc6 bxc6 35. Kxe4 Kd7 36. f5 f6 37. fxe6+
Kxe6 38. g4 h6 $2 {( g6)} (38... Ke7 39. Kf5 Kf7 40. h4 Ke7 41. g5 fxg5 42.
Kxg5 Kf7 43. Kh6 Kg8 44. a6 Kh8 45. b3 Kg8 46. b4 Kh8 47. Kh5 Kg8 48. Kg4 Kf8
49. Kf4 Ke8 50. Kg5 Kf7 51. Kf5 Ke7 52. Ke5 Kd7 53. Kf6 Kd6 54. Kg7 Kd5 55.
Kxh7 Kc4 56. Kg6 Kxb4 57. h5 c5 58. h6 c4 59. h7 c3 60. h8=Q $18) 39. b4 a6 40.
h4 Kd6 41. Kf5 1-0

[Event "Tata Steel-B 74th"]
[Site "Wijk aan Zee"]
[Date "2012.01.15"]
[Round "2"]
[White "Reinderman, Dimitri"]
[Black "Bruzon Batista, Lazaro"]
[Result "1/2-1/2"]
[WhiteElo "2581"]
[BlackElo "2691"]
[Annotator "Let's Check Training"]
[PlyCount "61"]
[EventDate "2012.01.14"]
[EventType "tourn"]
[EventRounds "13"]
[EventCountry "NED"]
[EventCategory "15"]
[SourceTitle "CBM 147"]
[Source "ChessBase"]
[SourceDate "2012.03.16"]
[SourceVersion "1"]
[SourceVersionDate "2012.03.16"]
[SourceQuality "1"]

1. c4 Nf6 2. Nf3 b6 3. g3 Bb7 4. Bg2 c5 5. O-O g6 6. Nc3 Bg7 7. d4 Ne4 8. Nxe4
Bxe4 9. d5 O-O 10. Bh3 Bxf3 11. exf3 e6 12. f4 a6 13. Rb1 exd5 14. Qxd5 Nc6 15.
Qxd7 Qxd7 16. Bxd7 Nb4 17. a3 Nd3 18. Bc6 Rad8 19. Bd5 Rfe8 20. b4 Nxc1 21.
Rfxc1 Bd4 22. Kf1 Re7 23. Rc2 Kg7 24. Rd1 Rb8 25. Re2 Rxe2 26. Kxe2 Bc3 27. Rb1
Re8+ 28. Kf3 Re1 {[%tqu "En","","","","b1e1","",0,"b4c5","",10]} 29. Rxe1 $2 (
29. bxc5 bxc5 30. Rb7 $18) 29... Bxe1 $11 30. bxc5 bxc5 31. Ke2 1/2-1/2

[Event "EU-ch 12th"]
[Site "Aix les Bains"]
[Date "2011.03.26"]
[Round "5"]
[White "Ftacnik, Lubomir"]
[Black "Stella, Andrea"]
[Result "1-0"]
[WhiteElo "2578"]
[BlackElo "2364"]
[Annotator "Marchand,A/Primel,D"]
[PlyCount "67"]
[EventDate "2011.03.22"]
[EventType "swiss"]
[EventRounds "11"]
[EventCountry "FRA"]
[SourceTitle "CBM 142 Extra"]
[Source "ChessBase"]
[SourceDate "2011.06.27"]
[SourceVersion "1"]
[SourceVersionDate "2011.06.27"]
[SourceQuality "1"]
[TimeControl "40/5400+30:1800+30"]

1. Nf3 Nf6 2. c4 c5 3. Nc3 e6 4. g3 b6 5. Bg2 Bb7 6. O-O Be7 7. d4 cxd4 8. Qxd4
d6 9. Rd1 a6 10. Bg5 {84} (10. b3 {La grande ligne}) (10. Ng5 {[%csl Rd6][%cal
Gg2b7,Gg5e4,Gc3e4]}) 10... Nbd7 {86} 11. Qd2 {[%csl Rd6][%cal Gg5f4]} (11. Nd2
Bxg2 12. Kxg2 Rc8 13. Nde4 Rc6) 11... O-O 12. Bf4 {[%csl Rd6]} Ne8 (12... e5
$143 13. Bg5 {[%csl Rd5]}) 13. Rac1 {82} (13. e4 {[%csl Gd5]} Qc7 14. Rac1 Rd8
15. Qe2 {Efimenko,Z (2654)-Gurevich,V (2470) Bundesliga 0910 2009 (11.4) 1/2})
13... Qc7 {83} (13... Rc8 14. b3 Nc5 15. Ng5 Bxg2 16. Kxg2 Qc7 17. f3 Rd8 18.
Nge4 Qb7 19. Bg5 f6 20. Bf4 f5 21. Nf2 h6 22. Qc2 Rf7 23. e4 fxe4 24. Ncxe4 g5
25. Be3 Ng7 26. Re1 Rdf8 27. Nd2 h5 28. Kg1 {Jakovenko,D (2709)-Gashimov,V 
(2717)/Poikovsky 2008/CBM 125/1/2-1/2 (31)}) 14. b3 {82} (14. Qe3 {Moins
naturel mais assez vicieux} e5 15. Bh3 $14 {[%cal Ge3e7];Tomashevsky,E (2701)
-Durarbeyli,V (2476) EU-ch 11th Rijeka 2010 (5) 1-0}) (14. b4 $5 $146 {[%csl
Gc5]} Rd8 15. Qe3 $1 {[%csl Rc7][%cal Ge3e7,Gc3d5]} e5 16. Bh3 (16. Nd5 Bxd5
17. cxd5 {[%csl Gc1]} Qb8 18. Rc6 $36 {[%csl Re8,Rf8][%cal Gd1c1] Le matériel
est égal mais les pièces Noires sont trés mal placées et l'attaque Blanche sur
la colonne "c" peut difficilement être parée.} Bf6 (18... Nef6 19. Bh3 Rfe8 (
19... exf4 20. Qxe7 {[%csl Rd6]} Qa8 $1 {C'est peut-être le seul coup pour
tenir la position mais il n'est pas facile а trouver devant l'échiquier.} (
20... Rfe8 21. Qxd6) 21. Rc7 Qb8 {Un joli "switchback" qui tient peut-être la
position.} 22. Rc6 (22. Rdc1 Nxd5) 22... Qb7 23. Qxd6) 20. Bg5) 19. Bg5 $16))
14... Rd8 {[%cal Gd8d2] 83} 15. Qe3 {74} (15. e4 {[%csl Gd5] Plus naturel})
15... e5 $6 $146 {[%csl Rd5] Après 20 minutes de réflexion sur ce coup qui est
douteux} (15... Nef6 16. Nd5 exd5 17. Qxe7 Rfe8 18. Qxd6 Qxd6 19. Bxd6 Rxe2 20.
cxd5 Rxa2 21. Ne5 h5 22. Bc7 Re8 23. Nxd7 Nxd7 24. Bh3 Ree2 25. Bxd7 Rxf2 26.
g4 Rg2+ 27. Kh1 hxg4 28. Bc6 Bc8 29. Bg3 Rgc2 30. d6 {Levin,F (2546)-Womacka,M
(2445)/Gausdal 2008/CBM 123 Extra/1-0 (32)}) (15... Ndf6 16. Bh3 Qc5 17. g4 h5
18. g5 Ng4 19. Qxc5 bxc5 20. Bg2 e5 21. Bg3 e4 22. Nd2 Bxg5 23. Bxe4 Bc8 24. f4
Bf6 25. Nf3 Nc7 26. Bc6 Ne6 27. Nd5 Bd4+ 28. Kh1 g6 29. Bh4 f6 30. h3 {Ftacnik,
L (2553)-Chuchelov,V (2544)/Germany 2008/CBM 124/1-0 (40)}) 16. Nd5 $1 {
[%csl Rc7,Gd5,Re7]} Bxd5 17. cxd5 {[%csl Gc1]} Qb7 $2 (17... Qb8 $8 {[%csl Re5]
[%cal Gb8e5]} 18. Rc6 $1 Qa8 (18... h6 {[%cal Gg7g5]} 19. Bxh6 $1) 19. Rdc1 $36
) 18. Nxe5 $1 $40 {[%csl Rb7,Re7][%cal Gg2b7,Gd5d6] Les pièces Noires sont mal
placées} Nxe5 19. Bxe5 dxe5 20. d6 $18 Qa7 21. dxe7 Qxe7 22. Qxb6 Rxd1+ 23.
Rxd1 Qa3 24. Bb7 Qxa2 25. Bxa6 Qc2 26. Rd8 Qc7 27. Rb8 Qxb6 28. Rxb6 Nf6 29.
Bc4 e4 30. Rb7 g5 31. b4 Rc8 32. Bxf7+ Kh8 33. Be6 Rc6 34. Bf5 1-0